000 01558cam a2200385 a 4500
001 15124745
005 20170105102938.0
008 071231s2008 enka b 001 0 eng
010 _a 2007052881
015 _aGBA825135
_2bnb
016 7 _a014536962
_2Uk
020 _a0521854024 (hbk.)
020 _a9780521854023 (hbk.)
020 _a0521670004 (pbk.)
020 _a9780521670005 (pbk.)
035 _a(OCoLC)ocn182656736
035 _a(OCoLC)182656736
_z(OCoLC)182656737
040 _aDLC
_cDLC
_dYDXCP
_dBAKER
_dBTCTA
_dUKM
_dBWKUK
_dBWK
_dBWX
_dDLC
050 0 0 _aJZ5560
_b.C67 2008
082 0 0 _a303.66
_222
_bCOR 2008
100 1 _aCortright, David,
_d1946-
245 1 0 _aPeace :
_ba history of movements and ideas /
_cDavid Cortright.
260 _aCambridge, UK ;
_aNew York :
_bCambridge University Press,
_c2008.
300 _axii, 376 p. :
_bill. ;
_c24cm.
504 _aIncludes bibliographical references (p. 340-354) and index.
650 0 _aPeace.
650 0 _aInternational relations.
650 0 _aConflict management.
856 4 2 _3Contributor biographical information
_uhttp://www.loc.gov/catdir/enhancements/fy0808/2007052881-b.html
856 4 2 _3Publisher description
_uhttp://www.loc.gov/catdir/enhancements/fy0808/2007052881-d.html
856 4 1 _3Table of contents only
_uhttp://www.loc.gov/catdir/enhancements/fy0808/2007052881-t.html
906 _a7
_bcbc
_corignew
_d1
_eecip
_f20
_gy-gencatlg
942 _2ddc
_cBK
999 _c16378
_d16378